|
|
|
|
| LEADER |
01580nam a2200337 a 4500 |
| 001 |
15557935 |
| 003 |
BD-DhAAL |
| 005 |
20150128100432.0 |
| 008 |
091015s2009 ii b 001 0 eng d |
| 010 |
|
|
|a 2008324931
|
| 020 |
|
|
|a 8178242478
|
| 020 |
|
|
|a 9788178243962
|
| 040 |
|
|
|a DLC
|c DLC
|d DLC
|
| 082 |
0 |
4 |
|a 954.14
|2 22
|
| 999 |
|
|
|c 4602
|d 4602
|
| 999 |
|
|
|c 4602
|
| 100 |
1 |
|
|a Sarkar, Tanika,
|d 1949-
|9 7488
|
| 245 |
1 |
0 |
|a Rebels, wives, saints :
|b designing selves and nations in colonial times /
|c Tanika Sarkar.
|
| 260 |
|
|
|a Ranikhet :
|b Permanent Black,
|c 2009.
|
| 300 |
|
|
|a ix, 347 p. ;
|c 23 cm.
|
| 504 |
|
|
|a Includes bibliographical references and index.
|
| 541 |
1 |
|
|e 00019411
|
| 650 |
|
0 |
|a Revolutionaries
|z India
|z Bengal.
|9 7489
|
| 650 |
|
0 |
|a Widows
|z India
|z Bengal.
|9 7490
|
| 650 |
|
0 |
|a Women
|z India
|z Bengal.
|9 5840
|
| 651 |
|
0 |
|a Bengal (India)
|x History
|y 19th century.
|9 7491
|
| 852 |
4 |
|
|a Ayesha Abed Library
|j General Shelf.
|
| 942 |
|
|
|2 ddc
|c BK
|
| 952 |
|
|
|0 0
|1 0
|2 ddc
|4 0
|6 954_140000000000000_SAR
|7 0
|9 4387
|a BRACUL
|b BRACUL
|c GEN
|d 2009-10-09
|l 1
|o 954.14 SAR
|p 3010019411
|r 2014-05-14
|s 2013-02-18
|t 1
|w 2009-10-18
|y BK
|x Transferred from ENH to Ayesha Abed library on 20/12/2023
|
| 952 |
|
|
|0 0
|1 0
|2 ddc
|4 0
|6 954_140000000000000_SAR
|7 0
|9 52351
|a BRACUL
|b BRACUL
|c GEN
|d 2015-01-28
|e Riza Enterprise
|g 790.00
|l 6
|m 43
|o 954.14 SAR
|p 3010028848
|r 2026-02-24
|s 2025-10-13
|t 2
|w 2015-01-28
|y BK
|
| 952 |
|
|
|0 0
|1 0
|2 ddc
|4 0
|6 954_140000000000000_SAR
|7 0
|9 52352
|a BRACUL
|b BRACUL
|c GEN
|d 2015-01-28
|e Riza Enterprise
|g 790.00
|l 3
|m 10
|o 954.14 SAR
|p 3010028849
|q 2026-07-30
|r 2025-11-08
|s 2025-11-08
|t 3
|w 2015-01-28
|y BK
|